The dumpy Wizard's party

Bibliographic Details
Main Author: Blyton, Enid
Format: Book
Published: London : Award Publications , 1995
Subjects:

MARC

LEADER 00000cam a2200000 7i4500
001 0000009932
002 000010819
005 20000330.0
020 |a 086163666X 
090 0 0 |a JF   |b BLY 
100 1 |a Blyton, Enid 
245 1 4 |a The dumpy Wizard's party   |c Enid Blyton 
260 |a London :   |b Award Publications ,   |c 1995 
300 |a p.v. :   |b ill. ;   |c 18cm. 
650 0 0 |a Children's stories 
999 |a 045023   |b BUKU   |c PINJAMAN   |e PERPUSTAKAAN KOMUNITI PETALING JAYA 
999 |a 045024   |b BUKU   |c PINJAMAN   |e PERPUSTAKAAN KOMUNITI PETALING JAYA